| 000 | 00000nam##2200000za#4500 |
| 001 | 9.700187 |
| 003 | CaOODSP |
| 005 | 20241203113638 |
| 007 | cr ||||||||||| |
| 008 | 150407|2015||||xxc|||||o f|0| 0 eng|d |
| 020 | |a978-1-100-25479-1 |
| 040 | |aCaOODSP|beng |
| 043 | |an-cn--- |
| 086 | 1 |aEn14-209/2015E-PDF |
| 110 | 1 |aCanada. |bEnvironment Canada. |
| 245 | 10|aFinal screening assessment report for Pseudomonas stutzeri ATCC 17587 / |h[electronic resource]|c[co-published with] Health Canada. |
| 260 | |aOttawa - Ontario : |bEnvironment Canada |cJanuary 2015. |
| 300 | |a48p.|bfigs., references, tables |
| 590 | |a15-05|b2015-01-30 |
| 690 | 07|aBacteria|2gcpds |
| 690 | 07|aRisk management|2gcpds |
| 775 | 08|tRapport final d'évaluation préalable sur la souche ATCC 17587 de Pseudomonas stutzeri / |w(CaOODSP)9.644097 |
| 856 | 40|ahttp://publications.gc.ca|qPDF|s690 KB|uhttps://publications.gc.ca/collections/collection_2015/ec/En14-209-2015-eng.pdf |